[Event "London Golders Green op 3rd"]
[Site "London"]
[Date "2014.05.05"]
[Round "5"]
[White "Georghiou, Paul T"]
[Black "Rogers, Timothy"]
[Result "1-0"]
[WhiteElo "2257"]
[BlackElo "1981"]
[PlyCount "85"]
[EventDate "2014.05.03"]
[EventType "swiss"]
[EventRounds "6"]
[EventCountry "ENG"]
[SourceTitle "EXT 2018"]
[Source "ChessBase"]
[SourceDate "2017.10.13"]
[SourceVersion "1"]
[SourceVersionDate "2017.10.13"]
[SourceQuality "1"]

1. e4 c6 2. d4 d5 3. exd5 cxd5 4. Bd3 Nc6 5. c3 Nf6 6. Bf4 g6 7. Nf3 Bg7 8. 0-0 0-0 9. Nbd2 Nh5 10. Bg5 Qc7 11. Bh4 e5 12. dxe5 Nxe5 13. Nxe5 Bxe5 14. Nf3 Bg4 15. h3 Bxf3 16. Qxf3 d4 17. cxd4 Bxd4 18. Be4 Rae8 19. Rfd1 Bxb2 20. Rab1 Qc4 21. Bxb7 Qxh4 22. Rxb2 Rd8 23. Bd5 Qf6 24. Rb7 Nf4 25. Bb3 Rxd1+ 26. Bxd1 Qd4 27. Bb3 Ne6 28. h4 Nd8 29. Rc7 Qxh4 30. Rxa7 Qg5 31. g3 h5 32. Qd5 Qf6 33. Ra4 Ne6 34. Kg2 Rd8 35. Ra8 Rxa8 36. Qxa8+ Kg7 37. Qf3 Qe7 38. Bxe6 Qxe6 39. a4 h4 40. gxh4 Qc4 41. a5 Qxh4 42. Qc3+ Kh7 43. Qh3 1-0

[Event "London Golders Green op 3rd"]
[Site "London"]
[Date "2014.05.04"]
[Round "4"]
[White "Villiers, Thomas"]
[Black "Georghiou, Paul T"]
[Result "0-1"]
[WhiteElo "2108"]
[BlackElo "2257"]
[PlyCount "110"]
[EventDate "2014.05.03"]
[EventType "swiss"]
[EventRounds "6"]
[EventCountry "ENG"]
[SourceTitle "EXT 2018"]
[Source "ChessBase"]
[SourceDate "2017.10.13"]
[SourceVersion "1"]
[SourceVersionDate "2017.10.13"]
[SourceQuality "1"]

1. c4 e5 2. g3 Nf6 3. Bg2 c6 4. d4 exd4 5. Qxd4 d5 6. Nc3 Be6 7. Bg5 Be7 8. Nf3 c5 9. Qh4 d4 10. Ne4 Nxe4 11. Qxe4 Nc6 12. Bxe7 Qxe7 13. Nd2 0-0 14. 0-0 Rad8 15. Rad1 Rfe8 16. b3 Qf6 17. Qf3 Qg6 18. h3 Bf5 19. Rfe1 Re7 20. Qf4 Rde8 21. Nf3 Be4 22. Qd2 h6 23. Ra1 b6 24. Rac1 Re6 25. a3 a5 26. Kf1 Qf6 27. Rcd1 Qe7 28. Nh4 Re5 29. f3 g5 30. fxe4 gxh4 31. Qxh6 Re6 32. Qxh4 Qxh4 33. gxh4 Ne5 34. Kf2 Rh6 35. Rg1 Rxh4 36. a4 Kg7 37. Bf3+ Kf6 38. Rg3 Reh8 39. Kg2 Ng6 40. Bg4 Ke5 41. e3 Rd8 42. Rf3 d3 43. Rxf7 Rhh8 44. Rf5+ Kxe4 45. Rf6 Nh4+ 46. Kg3 Kxe3 47. Rxb6 d2 48. Re6+ Kd3 49. Re5 Kc2 50. Rxc5 Rd3+ 51. Kf4 Ng2+ 52. Ke5 Ne3 53. Be2 Nxd1 54. Bxd3+ Kxd3 55. Kd6 Ne3 0-1

[Event "Civil Service op"]
[Site "London"]
[Date "2006.11.12"]
[Round "5"]
[White "Radovanovic, Jovica"]
[Black "Georghiou, Paul T"]
[Result "0-1"]
[WhiteElo "2264"]
[BlackElo "2192"]
[PlyCount "82"]
[EventDate "2006.11.11"]
[EventType "swiss"]
[EventRounds "5"]
[EventCountry "ENG"]
[SourceTitle "EXT 2008"]
[Source "ChessBase"]
[SourceDate "2007.11.25"]
[SourceVersion "1"]
[SourceVersionDate "2007.11.25"]
[SourceQuality "1"]

1. e4 e5 2. Nf3 Nc6 3. Bb5 g6 4. c3 d6 5. d4 Bd7 6. 0-0 Bg7 7. Be3 Nf6 8. dxe5 Nxe5 9. Nxe5 dxe5 10. Qb3 0-0 11. Rd1 Qc8 12. Bxd7 Nxd7 13. Nd2 Re8 14. a4 a5 15. Qc4 Nf8 16. b4 Ne6 17. b5 Nf4 18. Nf3 Nxg2 19. Ng5 Rf8 20. Kxg2 h6 21. Ne6 fxe6 22. Ra2 Rf7 23. Rad2 Qe8 24. Qe2 Kh7 25. c4 h5 26. c5 Bh6 27. Bxh6 Kxh6 28. Qe3+ g5 29. Qc3 Qh8 30. Rd7 Raf8 31. Rxf7 Rxf7 32. c6 bxc6 33. bxc6 Rf4 34. Rd7 Qf8 35. Rd2 Qf6 36. Re2 h4 37. Qe3 Kg6 38. Rb2 g4 39. Kf1 Rf3 40. Qe2 Qf4 41. Ke1 Qc1+ 0-1

[Event "Capes Trophy 40th"]
[Site "Edmonton"]
[Date "1999.09.17"]
[Round "?"]
[White "Swanson, Stephen"]
[Black "Georghiou, Paul T"]
[Result "0-1"]
[WhiteElo "2283"]
[BlackElo "2243"]
[PlyCount "62"]
[EventDate "1999.09.17"]
[EventType "team (blitz)"]
[EventRounds "1"]
[EventCountry "ENG"]
[SourceTitle "EXT 2001"]
[Source "ChessBase"]
[SourceDate "2000.11.22"]
[SourceVersion "1"]
[SourceVersionDate "2000.11.22"]
[SourceQuality "1"]

1. e4 Nf6 2. Nc3 d5 3. e5 Nfd7 4. d4 e6 5. f4 c5 6. Nf3 Nc6 7. Be2 a6 8. a4 cxd4 9. Nxd4 Bc5 10. Nxc6 bxc6 11. Bf3 a5 12. Ne2 Qb6 13. Rf1 Ba6 14. c3 0-0 15. Qc2 f6 16. Bg4 Rae8 17. Bh5 Re7 18. exf6 Nxf6 19. Bf3 e5 20. fxe5 Rxe5 21. Bf4 Rxe2+ 22. Bxe2 Re8 23. 0-0-0 Rxe2 24. Bd2 Ne4 25. Rfe1 Rxd2 26. Rxd2 Be3 27. Rxe3 Qxe3 28. b4 Qxd2+ 29. Qxd2 Nxd2 30. Kxd2 axb4 31. cxb4 Kf7 0-1

[Event "Clichy Masters"]
[Site "Clichy"]
[Date "1998.??.??"]
[Round "8"]
[White "Georghiou, Paul T"]
[Black "Bellaiche, Antony"]
[Result "1-0"]
[WhiteElo "2245"]
[BlackElo "2080"]
[PlyCount "81"]
[EventDate "1998.07.??"]
[EventType "tourn"]
[EventRounds "9"]
[EventCountry "FRA"]
[EventCategory "2"]
[SourceTitle "EXT 1999"]
[Source "ChessBase"]
[SourceDate "1998.11.16"]
[SourceVersion "1"]
[SourceVersionDate "1998.11.16"]
[SourceQuality "1"]

1. d4 Nf6 2. Nf3 g6 3. c4 Bg7 4. Nc3 0-0 5. Bg5 d6 6. e3 Nbd7 7. Be2 c6 8. 0-0 Qc7 9. Qc2 e5 10. Rad1 Re8 11. b4 Nf8 12. Bh4 Bf5 13. Qb3 Ne4 14. Nxe4 Bxe4 15. dxe5 dxe5 16. Nd2 Bf5 17. c5 Nd7 18. Bc4 Nf6 19. f3 Rf8 20. e4 Bd7 21. Qc3 Rae8 22. Bb3 Nh5 23. Nc4 Nf4 24. Qb2 Be6 25. Rd6 Bxc4 26. Bxc4 b6 27. Qd2 bxc5 28. bxc5 Bh6 29. Kh1 Bg7 30. Rd7 Qb8 31. Be7 Rxe7 32. Rxe7 Bf6 33. Rd7 Bg5 34. Qc3 Nh5 35. Qb3 Qe8 36. Rfd1 Nf4 37. g3 Nd5 38. Rxa7 Ne3 39. Rdd7 Kh8 40. Bxf7 Qc8 41. Be6 1-0

[Event "London SCCU op"]
[Site "London"]
[Date "1995.08.??"]
[Round "4"]
[White "Georghiou, Paul T"]
[Black "MacDonald Ross, Stephen"]
[Result "1/2-1/2"]
[WhiteElo "2220"]
[BlackElo "2055"]
[PlyCount "74"]
[EventDate "1995.08.14"]
[EventType "swiss"]
[EventRounds "9"]
[EventCountry "ENG"]
[SourceTitle "EXT 1999"]
[Source "ChessBase"]
[SourceDate "1998.11.16"]
[SourceVersion "1"]
[SourceVersionDate "1998.11.16"]
[SourceQuality "1"]

1. e4 c5 2. c3 b6 3. d4 Bb7 4. Bd3 Nf6 5. Qe2 cxd4 6. cxd4 Nc6 7. Nf3 Nb4 8. Nc3 Nxd3+ 9. Qxd3 e6 10. 0-0 Bb4 11. d5 0-0 12. Bg5 h6 13. Bh4 Bxc3 14. bxc3 Qc8 15. Bxf6 gxf6 16. Nd4 Ba6 17. Qg3+ Kh7 18. Rfe1 Rg8 19. Qh3 Qc5 20. Re3 Rg6 21. Nf3 Rag8 22. Ne1 Qb5 23. g3 Qb2 24. Rd1 Be2 25. Rd4 e5 26. Rb4 Qd2 27. Rb1 Qxa2 28. Rc1 Bg4 29. Qf1 d6 30. Qb5 Qa3 31. Rb1 Rc8 32. f3 Bh3 33. Qd3 Qa2 34. Rb4 h5 35. Nc2 Qa5 36. Kf2 Qc5 37. Qa6 f5 1/2-1/2

[Event "London SCCU op"]
[Site "London"]
[Date "1995.08.??"]
[Round "6"]
[White "Georghiou, Paul T"]
[Black "Zymberi, Astrit"]
[Result "0-1"]
[WhiteElo "2220"]
[BlackElo "2032"]
[PlyCount "83"]
[EventDate "1995.08.14"]
[EventType "swiss"]
[EventRounds "9"]
[EventCountry "ENG"]
[SourceTitle "EXT 1999"]
[Source "ChessBase"]
[SourceDate "1998.11.16"]
[SourceVersion "1"]
[SourceVersionDate "1998.11.16"]
[SourceQuality "1"]

1. d4 Nf6 2. c4 g6 3. Nc3 Bg7 4. Nf3 0-0 5. Bg5 d6 6. e3 Nbd7 7. Be2 h6 8. Bh4 c6 9. Qc2 a6 10. 0-0 b6 11. e4 e5 12. Rad1 Qe7 13. b4 g5 14. Bg3 Nh5 15. b5 Nxg3 16. hxg3 Bb7 17. bxc6 Bxc6 18. Nd5 Bxd5 19. cxd5 exd4 20. Nxd4 Bxd4 21. Rxd4 Nc5 22. Bg4 Ra7 23. Bf5 Kg7 24. f4 f6 25. Re1 Rc7 26. Qb1 b5 27. e5 Rb7 28. e6 a5 29. Kf2 b4 30. Rh1 Rh8 31. Rh3 b3 32. axb3 Rxb3 33. Qa1 Qa7 34. fxg5 hxg5 35. Rxh8 Kxh8 36. Qh1+ Kg8 37. Qh5 Ne4+ 38. Kg1 Rb1+ 39. Kh2 Rh1+ 40. Kxh1 Nxg3+ 41. Kh2 Nxh5 42. Re4 0-1

[Event "London SCCU op"]
[Site "London"]
[Date "1995.08.??"]
[Round "3"]
[White "Jones, Chris S"]
[Black "Georghiou, Paul T"]
[Result "0-1"]
[WhiteElo "1752"]
[BlackElo "2220"]
[PlyCount "48"]
[EventDate "1995.08.14"]
[EventType "swiss"]
[EventRounds "9"]
[EventCountry "ENG"]
[SourceTitle "EXT 1999"]
[Source "ChessBase"]
[SourceDate "1998.11.16"]
[SourceVersion "1"]
[SourceVersionDate "1998.11.16"]
[SourceQuality "1"]

1. e4 c6 2. d4 d5 3. Nc3 dxe4 4. Nxe4 Bf5 5. Ng3 Bg6 6. Nf3 Nd7 7. c3 e6 8. Bd3 Qc7 9. 0-0 Ngf6 10. Bg5 Bd6 11. Re1 0-0-0 12. Ne4 Bf4 13. Qa4 Kb8 14. Rad1 Bh5 15. Bxf4 Qxf4 16. Ned2 e5 17. Qb4 exd4 18. Ba6 Qc7 19. c4 Ka8 20. Re7 bxa6 21. Rde1 c5 22. Qa4 Rhe8 23. Qxa6 Rxe7 24. Rxe7 Nb8 0-1

[Event "Lloyds Bank op 16th"]
[Site "London"]
[Date "1992.??.??"]
[Round "?"]
[White "Georghiou, Paul T"]
[Black "Bronstein, David Ionovich"]
[Result "1-0"]
[WhiteElo "2220"]
[BlackElo "2415"]
[PlyCount "75"]
[EventDate "1992.08.??"]
[EventType "swiss"]
[EventRounds "10"]
[EventCountry "ENG"]
[SourceTitle "CBM 031 Extra"]
[Source "ChessBase"]
[SourceDate "1993.01.01"]
[SourceVersion "1"]
[SourceVersionDate "1993.01.01"]
[SourceQuality "1"]

1. e4 e6 2. d4 d5 3. Nc3 Nf6 4. e5 Nfd7 5. f4 c5 6. Nf3 Nc6 7. Be3 Qb6 8. Qd2 a6 9. 0-0-0 Qa5 10. Kb1 b5 11. dxc5 Nxc5 12. Nd4 Bd7 13. Bd3 Nxd4 14. Bxd4 b4 15. Ne2 Nxd3 16. cxd3 Be7 17. Nc1 Ba4 18. b3 Bd7 19. g4 Qb5 20. Rdf1 a5 21. f5 h5 22. f6 gxf6 23. exf6 Bd6 24. g5 0-0-0 25. Re1 Qa6 26. Be5 d4 27. Qf4 Bc5 28. Re2 Bc6 29. Rg1 Rd5 30. g6 fxg6 31. Rxg6 Kb7 32. f7 Rf8 33. Rxe6 Qb5 34. Bg7 Bd7 35. Bxf8 Bxf8 36. Re8 Bd6 37. Qxd6 Rxd6 38. f8Q 1-0